Renewable watch (2011 - (Record no. 234898)

MARC details
000 -LEADER
fixed length control field 00378nam a2200145Ia 4500
008 - FIXED-LENGTH DATA ELEMENTS--GENERAL INFORMATION
fixed length control field 231221s9999 xx 000 0 und d
041 ## - LANGUAGE CODE
Language code of text/sound track or separate title English
082 ## - DEWEY DECIMAL CLASSIFICATION NUMBER
Classification number LIBRARY-J3
245 #0 - TITLE STATEMENT
Title Renewable watch (2011 -
260 ## - PUBLICATION, DISTRIBUTION, ETC.
Date of publication, distribution, etc. Jul, 2018
Name of publisher, distributor, etc. Alok brara
Place of publication, distribution, etc. New Delhi
300 ## - PHYSICAL DESCRIPTION
Dimensions JN39158,CD7131
650 ## - SUBJECT ADDED ENTRY--TOPICAL TERM
Topical term or geographic name entry element Mechanical
650 ## - SUBJECT ADDED ENTRY--TOPICAL TERM
Topical term or geographic name entry element Renewable,watch,(2011,-,Mechanical
942 ## - ADDED ENTRY ELEMENTS (KOHA)
Koha item type Compact Disks
Holdings
Date last seen Total checkouts Full call number Accession number Volume/Issue Number Price effective from Category Lost status Damaged status Withdrawn status Home library Current library Shelving location Entry date Grants Currency symbol Conversion rate Discount
26/01/2024   LIBRARY-J3 CD7131 8(9) 26/01/2024 Compact Disks       Central Library Central Library     EC Rs    

© For any Suggestions or Query, please contact the library staff @ librarian@pes.edu or Phone: +9180 2672 1983/ 2108.